000 00754nam a2200217 i 4500
001 189417
003 SpMaBN
005 20230906223453.0
008 190530s1965 sp ab |||| | spa d
080 _a616.15(084.4)
110 2 _aBoehringer Sohn Ingelheim.
_9167173
245 1 0 _aLáminas hematológicas /
_c[H.H. Hennemann, W. Kuhn, U. Ryssel].
260 _aBarcelona :
_bC.H. Boehringer Sohn,
_c[1965]
300 _a105 p. :
_bil. col., 1 mapa ;
_c20 x 20 cm.
500 _aÍndice.
650 7 _aHematología-
_vAtlas.
_913301
700 1 _aHennemann, H.H.
_9167174
700 1 _aKuhn, W.
_9167175
700 1 _aRyssel, U.
_9167176
852 _aES-MaACL
_jL-32419
_z- Enc. tela
_z. - Donat. herederos de la bibl. de Mª del Pilar Costa Palacín
999 _c189417
_d189417